Créatures magiques - Statistiques

Statistiques générales
  • Ce quiz a été pris 198 fois
  • Le résultat moyen est 9 sur 15
Statistiques - réponses
Hint Réponse % Correct
Crachent du feu. Dragons
92%
MI-hommes, mi-chevaux. Centaures
90%
Utilisent la plupart du temps la magie noire. Sorcières
85%
Renaissent de leurs cendres. Phoenix
82%
Chevaux ailés. Pégases
79%
Ces créatures peuplent les fonds marins. Sirènes
71%
Hommes de très grande taille. Géants
66%
Petits hommes de la forêt. Lutins
54%
Possèdent une tête de taureau et un corps d'homme. Minotaures
54%
Chevaux dotés de pouvoirs magiques. Licornes
49%
Doués au tir à l'arc. Elfes
48%
Mi-hommes, mi-boucs. Satyres
45%
Savent voler et jettent des sorts. Fées
38%
Vivent dans le feu sans brûler. Salamandres
21%
Nymphes des eaux. Néréides
7%
Aucun quiz correspondant
Distribution des résultats
% des personnes avec chaque résultat
Percentile par nombre de réponses
Votre historique - résultats
Vous n’avez pas pris ce quiz